[Event "DVM U16 2003"]
[Site "Greifswald GER"]
[Date "2003.12.28"]
[Round "3"]
[White "van Orsouw, Niclas"]
[Black "Krebs, Martin"]
[Result "0-1"]
[Termination "normal"]
[Board "6.2"]
[WhiteElo "1645"]
[BlackElo "1675"]
[WhiteTeam "SF 74 Heinsberg"]
[BlackTeam "SK Dicker Turm Münnerstadt"]
[PlyCount "52"]
[EventCountry "GER"]
[EventRounds "7"]
[EventType "team-swiss"]
[EventDate "2003.12.26"]

1. e4 c5 2. Nc3 d6 3. g3 Nc6 4. Bg2 g6 5. d3 Bg7 6. Be3 Nf6 7. h3 O-O 8. Qd2 a6
9. f4 b5 10. e5 Bb7 11. exf6 Bxf6 12. Nge2 b4 13. Nd1 Qd7 14. O-O e6 15. g4 Qe7
16. f5 gxf5 17. gxf5 Kh8 18. Ng3 Rg8 19. Ne4 Bd4 20. f6 Qc7 21. c3 bxc3 22.
bxc3 Bxe3+ 23. Nxe3 Ne5 24. Kh1 d5 25. Nf2 d4 26. cxd4 Nf3 0-1

[Event "DVM U16 2003"]
[Site "Greifswald GER"]
[Date "2003.12.28"]
[Round "3"]
[White "Schneider, Raphael"]
[Black "Vieten, Florian"]
[Result "0-1"]
[Termination "normal"]
[Board "6.3"]
[WhiteElo "1628"]
[BlackElo "1538"]
[WhiteTeam "SK Dicker Turm Münnerstadt"]
[BlackTeam "SF 74 Heinsberg"]
[PlyCount "80"]
[EventCountry "GER"]
[EventRounds "7"]
[EventType "team-swiss"]
[EventDate "2003.12.26"]

1. e4 d5 2. exd5 Nf6 3. Nc3 Nxd5 4. d4 Nc6 5. Bb5 g6 6. Qf3 Be6 7. Nge2 a6 8.
Ba4 Qd7 9. O-O Nxc3 10. Nxc3 b5 11. Bb3 Bxb3 12. axb3 Bg7 13. Nxb5 O-O 14. Nc3
Nxd4 15. Qd3 Qc6 16. Be3 Rfd8 17. Bxd4 Rxd4 18. Qe2 Qd6 19. Rfd1 c5 20. Nb5
Rxd1+ 21. Rxd1 Qe5 22. Qxe5 Bxe5 23. Nc3 e6 24. Na4 Rc8 25. Nb6 Rc6 26. Nc4 Bc7
27. Kf1 Kf8 28. Ke2 Ke7 29. h3 e5 30. g4 f5 31. f3 Kf6 32. Rd7 h5 33. Ne3 Ke6
34. Rg7 Kf6 35. Rd7 Bd6 36. Nc4 Ke6 37. Rg7 Kf6 38. Rd7 Ke6 39. Rd8 Ke7 40. Rg8
fxg4 0-1

[Event "DVM U16 2003"]
[Site "Greifswald GER"]
[Date "2003.12.28"]
[Round "3"]
[White "van Orsouw, Svenja"]
[Black "Thiem, Markus"]
[Result "0-1"]
[Termination "normal"]
[Board "6.4"]
[WhiteElo "1486"]
[BlackElo "1400"]
[WhiteTeam "SF 74 Heinsberg"]
[BlackTeam "SK Dicker Turm Münnerstadt"]
[PlyCount "58"]
[WhiteFideId "24677124"]
[EventCountry "GER"]
[EventRounds "7"]
[EventType "team-swiss"]
[EventDate "2003.12.26"]

1. e4 c5 2. Nf3 d6 3. d4 cxd4 4. Nxd4 Nc6 5. Be3 Nf6 6. Nc3 g6 7. Bb5 Bd7 8.
O-O Bg7 9. Qd2 O-O 10. f4 a6 11. Be2 Bg4 12. Rae1 Bxe2 13. Rxe2 Ng4 14. Nf3
Nxe3 15. Rxe3 Qb6 16. Na4 Qc7 17. Kh1 b5 18. Nc3 e6 19. Rd1 Rfd8 20. a3 Na5 21.
b3 Rac8 22. Ne2 Qxc2 23. b4 Qxd2 24. Rxd2 Nc4 25. Rdd3 Nxe3 26. Rxe3 Rc2 27. h3
e5 28. Kh2 exf4 29. Nxf4 Bh6 0-1

[Event "DVM U16 2003"]
[Site "Greifswald GER"]
[Date "2003.12.28"]
[Round "3"]
[White "Seiler, Sascha"]
[Black "Luft, Dennis"]
[Result "0-1"]
[Termination "normal"]
[Board "7.1"]
[WhiteElo "1877"]
[BlackElo "1817"]
[WhiteTeam "Heilbronner SV"]
[BlackTeam "SF Brackel 30"]
[PlyCount "67"]
[WhiteFideId "24630594"]
[BlackFideId "24623717"]
[EventCountry "GER"]
[EventRounds "7"]
[EventType "team-swiss"]
[EventDate "2003.12.26"]

1. Nf3 g6 2. d4 Bg7 3. e4 d6 4. c4 Nf6 5. Nc3 O-O 6. Be2 Nbd7 7. O-O Re8 8. Be3
e5 9. d5 h6 10. Nd2 Kh7 11. b4 Rf8 12. c5 dxc5 13. bxc5 Ne8 14. Nc4 f5 15. f3
Qe7 16. d6 cxd6 17. cxd6 Qh4 18. Rc1 f4 19. Bf2 Qg5 20. Qb3 h5 21. h4 Qd8 22.
Nd5 Bf6 23. Nxf6+ Qxf6 24. Rfd1 g5 25. hxg5 Qxg5 26. Nxe5 Rg8 27. Bf1 Nxe5 28.
Rxc8 Rxc8 29. Qxb7+ Ng7 30. Rd5 Rc1 31. Qb5 Nf5 32. Kh2 Ne3 33. Rxe5 Qxg2+ 34.
Bxg2 0-1

[Event "DVM U16 2003"]
[Site "Greifswald GER"]
[Date "2003.12.28"]
[Round "3"]
[White "Heyden, Jonas"]
[Black "Luo, Xingping"]
[Result "0-1"]
[Termination "normal"]
[Board "7.2"]
[WhiteElo "1630"]
[BlackElo "1495"]
[WhiteTeam "SF Brackel 30"]
[BlackTeam "Heilbronner SV"]
[PlyCount "26"]
[WhiteFideId "24638510"]
[EventCountry "GER"]
[EventRounds "7"]
[EventType "team-swiss"]
[EventDate "2003.12.26"]

1. e4 c5 2. Nf3 d6 3. d4 cxd4 4. Nxd4 Nf6 5. Nc3 g6 6. f3 Bg7 7. Be3 O-O 8. Qd2
Nc6 9. O-O-O Nxd4 10. Bxd4 Be6 11. g4 Qa5 12. Be2 Bxa2 13. b3 Qa3# 0-1

[Event "DVM U16 2003"]
[Site "Greifswald GER"]
[Date "2003.12.28"]
[Round "3"]
[White "Witte, Stefan"]
[Black "Klug, Alexander"]
[Result "1/2-1/2"]
[Termination "normal"]
[Board "7.3"]
[WhiteElo "1470"]
[BlackElo "1704"]
[WhiteTeam "Heilbronner SV"]
[BlackTeam "SF Brackel 30"]
[PlyCount "102"]
[EventCountry "GER"]
[EventRounds "7"]
[EventType "team-swiss"]
[EventDate "2003.12.26"]

1. e4 e6 2. d4 d5 3. exd5 exd5 4. c3 Bd6 5. Bd3 Nf6 6. Bg5 O-O 7. Qc2 h6 8. Bh4
c6 9. Nd2 Be6 10. f3 Nbd7 11. g4 c5 12. Bf2 c4 13. Be2 Nh7 14. h4 g6 15. h5 g5
16. Nh3 Qc7 17. O-O-O b5 18. Be3 Ndf6 19. Rdf1 Rfe8 20. Bd1 Bxg4 21. Bxg5 Bxh3
22. Bxh6 Bxf1 23. Rg1+ Kh8 24. Bg7+ Kg8 25. Bxf6+ Bg3 26. Nxf1 Nxf6 27. Rxg3+
Kh8 28. Qf5 Qe7 29. f4 Rg8 30. Re3 Qd6 31. Bc2 Rg4 32. Rf3 Re8 33. Ne3 Rg1+ 34.
Kd2 Re6 35. Qh3 Rg8 36. Bf5 Ree8 37. a3 a5 38. Bg6 Rxe3 39. Rxe3 fxg6 40. hxg6+
Kg7 41. Qf5 Rh8 42. Re6 Qd8 43. Ra6 Re8 44. Ra7+ Re7 45. Ra6 Qf8 46. Qh3 Ne4+
47. Kc2 Ng5 48. fxg5 Re2+ 49. Kb1 Rxb2+ 50. Kxb2 Qf2+ 51. Kb1 Qe1+ 1/2-1/2

[Event "DVM U16 2003"]
[Site "Greifswald GER"]
[Date "2003.12.28"]
[Round "3"]
[White "Busch, Dean"]
[Black "Krizek, Michael"]
[Result "1-0"]
[Termination "normal"]
[Board "8.1"]
[WhiteElo "1800"]
[BlackElo "1588"]
[WhiteTeam "SV 1932 Wermelskirchen"]
[BlackTeam "TSG Apolda"]
[PlyCount "69"]
[EventCountry "GER"]
[EventRounds "7"]
[EventType "team-swiss"]
[EventDate "2003.12.26"]

1. e4 c5 2. Nf3 d6 3. d4 cxd4 4. Nxd4 Nf6 5. Nc3 a6 6. Be3 Ng4 7. Bg5 h6 8. Bh4
g5 9. Bg3 Bg7 10. Be2 h5 11. h3 h4 12. Bh2 Nxf2 13. Kxf2 Qb6 14. Nd5 Qxd4+ 15.
Qxd4 Bxd4+ 16. Ke1 Kd8 17. c3 Ba7 18. e5 e6 19. Nf6 d5 20. c4 Nd7 21. Rf1 Nxf6
22. Rxf6 Ke7 23. cxd5 exd5 24. Rc1 Bb8 25. Bf3 Be6 26. Rc5 Bd6 27. Rxe6+ fxe6
28. exd6+ Kf6 29. Rc7 b5 30. Kd2 Rac8 31. Kd3 Rhd8 32. Be5+ Kg6 33. Bg4 Rxc7
34. dxc7 Re8 35. Bxe6 1-0

[Event "DVM U16 2003"]
[Site "Greifswald GER"]
[Date "2003.12.28"]
[Round "3"]
[White "Gebhardt, Martin"]
[Black "Nurovic, Semir"]
[Result "1-0"]
[Termination "normal"]
[Board "8.2"]
[WhiteElo "1635"]
[BlackElo "1500"]
[WhiteTeam "TSG Apolda"]
[BlackTeam "SV 1932 Wermelskirchen"]
[PlyCount "55"]
[WhiteFideId "24626317"]
[EventCountry "GER"]
[EventRounds "7"]
[EventType "team-swiss"]
[EventDate "2003.12.26"]

1. e4 c5 2. Nc3 d6 3. g3 Nf6 4. Bg2 Nc6 5. d3 e6 6. Nh3 d5 7. O-O Be7 8. f4
dxe4 9. Nxe4 Nd5 10. Kh1 e5 11. f5 Nd4 12. g4 h5 13. gxh5 Nxf5 14. Qf3 Nf6 15.
h6 Nxh6 16. Bxh6 Rxh6 17. Nxf6+ Bxf6 18. Ng5 Qc7 19. Ne4 Bd8 20. Nxc5 f5 21.
Qd5 e4 22. Qg8+ Ke7 23. Qxg7+ Ke8 24. Qxh6 Qxc5 25. dxe4 Qxc2 26. exf5 Bxf5 27.
Rfe1+ Kf7 28. Bd5+ 1-0

[Event "DVM U16 2003"]
[Site "Greifswald GER"]
[Date "2003.12.28"]
[Round "3"]
[White "Wirths, Clara"]
[Black "Nißler, Daniel"]
[Result "1-0"]
[Termination "normal"]
[Board "8.3"]
[WhiteElo "1508"]
[BlackElo "1424"]
[WhiteTeam "SV 1932 Wermelskirchen"]
[BlackTeam "TSG Apolda"]
[PlyCount "92"]
[WhiteFideId "24632597"]
[EventCountry "GER"]
[EventRounds "7"]
[EventType "team-swiss"]
[EventDate "2003.12.26"]

1. e4 e6 2. d4 d5 3. Nc3 Bb4 4. e5 c5 5. a3 Bxc3+ 6. bxc3 Qc7 7. Qg4 Ne7 8.
Qxg7 Rg8 9. Qxh7 cxd4 10. Ne2 Nbc6 11. f4 dxc3 12. Qd3 Bd7 13. Nxc3 a6 14. g3
Rc8 15. Bd2 Na7 16. a4 b5 17. a5 Nac6 18. Ne2 Nd8 19. Nd4 Nb7 20. Be2 Nc6 21.
Qh7 Ne7 22. Bh5 Nd8 23. c3 Bc6 24. O-O Kd7 25. Bxf7 Rf8 26. Nxe6 Nxe6 27. Bxe6+
Kxe6 28. f5+ Rxf5 29. Qh6+ Kd7 30. e6+ Kd8 31. Qh8+ Be8 32. Rxf5 Nxf5 33. Bg5+
Ne7 34. Rd1 Qc5+ 35. Kh1 Kc7 36. Qg7 Kd8 37. Rxd5+ Qxd5+ 38. Kg1 Qxe6 39. Qd4+
Bd7 40. Qh8+ Kc7 41. Qd4 Qe1+ 42. Kg2 Bc6+ 43. Kh3 Qf1+ 44. Kg4 Qc4 45. Bf4+
Kb7 46. Qb6+ Ka8 1-0

[Event "DVM U16 2003"]
[Site "Greifswald GER"]
[Date "2003.12.28"]
[Round "3"]
[White "Nikol, Christoph"]
[Black "Fröhlich, Sebastian"]
[Result "1-0"]
[Termination "normal"]
[Board "8.4"]
[WhiteElo "1468"]
[BlackElo "1191"]
[WhiteTeam "TSG Apolda"]
[BlackTeam "SV 1932 Wermelskirchen"]
[PlyCount "63"]
[EventCountry "GER"]
[EventRounds "7"]
[EventType "team-swiss"]
[EventDate "2003.12.26"]

1. e4 d6 2. d4 Nf6 3. Nc3 g6 4. f4 Bg7 5. Nf3 O-O 6. Bd3 Bg4 7. Be3 Nbd7 8. h3
Bxf3 9. Qxf3 c5 10. d5 a6 11. a4 Qa5 12. O-O Rfe8 13. g4 h5 14. Be2 Rab8 15.
Qg2 hxg4 16. hxg4 e6 17. Bd2 Qb6 18. g5 Nh7 19. Bc4 Kf8 20. Qh3 exd5 21. Bxd5
Bd4+ 22. Kg2 Ke7 23. Qxh7 Kd8 24. Qxf7 Re7 25. Qxg6 Qxb2 26. Bb3 Bxc3 27. Rfb1
Qxa1 28. Rxa1 Bxa1 29. Bd5 b5 30. Ba5+ Nb6 31. Qxd6+ Rd7 32. Qxb8+ 1-0

[Event "DVM U16 2003"]
[Site "Greifswald GER"]
[Date "2003.12.28"]
[Round "3"]
[White "Hirschfeld, Sebastian"]
[Black "Ihl, Thomas"]
[Result "0-1"]
[Termination "normal"]
[Board "9.1"]
[WhiteElo "1443"]
[BlackElo "1707"]
[WhiteTeam "Schachverein Gryps 2"]
[BlackTeam "SC Rochade Saarlouis 93"]
[PlyCount "60"]
[EventCountry "GER"]
[EventRounds "7"]
[EventType "team-swiss"]
[EventDate "2003.12.26"]

1. e4 c5 2. Nf3 d6 3. d4 cxd4 4. Nxd4 Nf6 5. Nc3 g6 6. Be3 Bg7 7. f3 O-O 8. Qd2
Nc6 9. O-O-O Bd7 10. g4 h5 11. gxh5 Nxh5 12. Be2 Rc8 13. Rdf1 Ne5 14. f4 Nc4
15. Bxc4 Rxc4 16. Rhg1 Qa5 17. f5 Kh7 18. Qg2 Be8 19. fxg6+ fxg6 20. Rxf8 Bxf8
21. Ne6 Bg7 22. Qf1 Rxc3 23. Nxg7 Rxe3 24. Nxe8 Nf4 25. Kd1 Qh5+ 26. Kc1 Qe5
27. Qc4 d5 28. Qf1 Qxe4 29. b3 Ne2+ 30. Kb1 Nxg1 0-1

[Event "DVM U16 2003"]
[Site "Greifswald GER"]
[Date "2003.12.28"]
[Round "3"]
[White "Thiery, Ian"]
[Black "Hartmann, Elisa"]
[Result "1-0"]
[Termination "normal"]
[Board "9.2"]
[WhiteElo "1602"]
[BlackElo "1208"]
[WhiteTeam "SC Rochade Saarlouis 93"]
[BlackTeam "Schachverein Gryps 2"]
[PlyCount "65"]
[BlackFideId "4616235"]
[EventCountry "GER"]
[EventRounds "7"]
[EventType "team-swiss"]
[EventDate "2003.12.26"]

1. e4 e5 2. Nf3 Nc6 3. Bc4 Nf6 4. Ng5 d5 5. exd5 Na5 6. Bb5+ c6 7. dxc6 bxc6 8.
Be2 h6 9. Nf3 e4 10. Ne5 Qd5 11. Ng4 Bxg4 12. Bxg4 Bd6 13. Nc3 Qe5 14. Qe2 O-O
15. b3 Rfe8 16. Bb2 Qg5 17. Bh3 Rad8 18. g3 Re7 19. O-O-O Nb7 20. f4 exf3 21.
Qxf3 Qc5 22. Na4 Qd5 23. Bg2 Qxf3 24. Bxf3 Rc8 25. Rde1 Nc5 26. Nxc5 Bxc5 27.
Rxe7 Bxe7 28. Re1 Bc5 29. d4 Bb6 30. c4 Kf8 31. Kc2 Ne8 32. Ba3+ Kg8 33. Bxc6
1-0

[Event "DVM U16 2003"]
[Site "Greifswald GER"]
[Date "2003.12.28"]
[Round "3"]
[White "Nautsch, Andreas"]
[Black "Loew, Frederic"]
[Result "1-0"]
[Termination "normal"]
[Board "9.3"]
[WhiteElo "1139"]
[BlackElo "1456"]
[WhiteTeam "Schachverein Gryps 2"]
[BlackTeam "SC Rochade Saarlouis 93"]
[PlyCount "75"]
[EventCountry "GER"]
[EventRounds "7"]
[EventType "team-swiss"]
[EventDate "2003.12.26"]

1. e4 c5 2. Nf3 d6 3. d4 cxd4 4. Nxd4 Nf6 5. Nc3 g6 6. Be3 Bg7 7. f3 O-O 8. Qd2
Nc6 9. O-O-O Bd7 10. g4 a6 11. g5 Nh5 12. Be2 Bh8 13. f4 Ng7 14. h4 Nh5 15.
Bxh5 gxh5 16. f5 Ne5 17. Qe2 Ng4 18. Rhg1 e6 19. Rxg4 hxg4 20. Qxg4 Qc8 21. h5
Bxd4 22. Bxd4 exf5 23. Qg2 fxe4 24. g6 Bg4 25. Rg1 f5 26. Nxe4 fxe4 27. Qxg4
Rf1+ 28. Kd2 Rxg1 29. Qxg1 h6 30. Qe3 Qc4 31. Qxe4 Rc8 32. b3 Qb4+ 33. c3 Qxd4+
34. Qxd4 Rd8 35. Qd5+ Kh8 36. Qf7 Rd7 37. g7+ Kh7 38. g8=Q# 1-0

[Event "DVM U16 2003"]
[Site "Greifswald GER"]
[Date "2003.12.28"]
[Round "3"]
[White "Schwanengel, Moritz"]
[Black "Tsoumanis, Konstantinos"]
[Result "1-0"]
[Termination "normal"]
[Board "9.4"]
[WhiteElo "1184"]
[BlackElo "984"]
[WhiteTeam "SC Rochade Saarlouis 93"]
[BlackTeam "Schachverein Gryps 2"]
[PlyCount "65"]
[EventCountry "GER"]
[EventRounds "7"]
[EventType "team-swiss"]
[EventDate "2003.12.26"]

1. e4 e5 2. Nf3 Nc6 3. Bc4 Bc5 4. Nc3 d6 5. h3 Be6 6. Bb3 Nf6 7. d3 O-O 8. Bg5
Bb4 9. O-O h6 10. Bh4 a6 11. Bd5 Qe7 12. d4 Bxc3 13. bxc3 exd4 14. Nxd4 Nxd4
15. Qxd4 Bxd5 16. exd5 c6 17. Rfe1 Qd8 18. Rab1 c5 19. Bxf6 cxd4 20. Bxd8 Rfxd8
21. cxd4 b5 22. Rb4 Rac8 23. Rc1 Rc4 24. Rxc4 bxc4 25. Rb1 Rc8 26. Rb6 a5 27.
Rxd6 Rb8 28. Rc6 Rb4 29. d6 c3 30. d7 Rxd4 31. Rc8+ Kh7 32. d8=Q Rxd8 33. Rxd8
1-0

[Event "DVM U16 2003"]
[Site "Greifswald GER"]
[Date "2003.12.28"]
[Round "3"]
[White "Galbraith, Martin"]
[Black "Willert, Christof"]
[Result "1-0"]
[Termination "normal"]
[Board "10.1"]
[WhiteElo "2095"]
[BlackElo "1536"]
[WhiteTeam "SK Gau-Algesheim"]
[BlackTeam "Schachverein Gryps"]
[PlyCount "57"]
[WhiteFideId "4697448"]
[EventCountry "GER"]
[EventRounds "7"]
[EventType "team-swiss"]
[EventDate "2003.12.26"]

1. d4 d5 2. Nf3 Nf6 3. c4 e6 4. g3 Be7 5. Bg2 O-O 6. O-O Nbd7 7. Qc2 c6 8. Nbd2
Re8 9. b3 Bd6 10. Bb2 e5 11. cxd5 cxd5 12. dxe5 Nxe5 13. Rad1 Nxf3+ 14. Nxf3
Bg4 15. Bxf6 Qxf6 16. Rxd5 Rac8 17. Qd3 Ba3 18. Ng5 g6 19. Ne4 Qe6 20. Qd4 Kf8
21. Nf6 Bxe2 22. Nd7+ Kg8 23. Re5 Bxf1 24. Rxe6 Rxe6 25. Bxf1 Rcc6 26. Qxa7 Bd6
27. Bc4 Kg7 28. Bxe6 fxe6 29. Qd4+ 1-0

[Event "DVM U16 2003"]
[Site "Greifswald GER"]
[Date "2003.12.28"]
[Round "3"]
[White "Völsgen, Georg"]
[Black "Becker, Matthias"]
[Result "0-1"]
[Termination "normal"]
[Board "10.2"]
[WhiteElo "1449"]
[BlackElo "1486"]
[WhiteTeam "Schachverein Gryps"]
[BlackTeam "SK Gau-Algesheim"]
[PlyCount "130"]
[WhiteFideId "24635901"]
[BlackFideId "24625850"]
[EventCountry "GER"]
[EventRounds "7"]
[EventType "team-swiss"]
[EventDate "2003.12.26"]

1. e4 e6 2. d4 d5 3. e5 c5 4. c3 Nc6 5. Nf3 Qb6 6. a3 a5 7. b3 Nge7 8. Be3 Nf5
9. Bd3 cxd4 10. cxd4 Nxe3 11. fxe3 Be7 12. O-O O-O 13. Nbd2 f6 14. Qc2 f5 15.
g3 Bd7 16. Qb2 Rac8 17. Rfc1 Qd8 18. Nf1 Be8 19. Kg2 Bh5 20. N1d2 Bxf3+ 21.
Nxf3 Bg5 22. Nxg5 Qxg5 23. Qf2 Rc7 24. Rc2 Rfc8 25. Rac1 Qe7 26. a4 Nb4 27.
Rxc7 Rxc7 28. Rxc7 Qxc7 29. Qd2 Kf7 30. Kf3 g6 31. Kg2 h6 32. Kf3 b6 33. Kg2
Qc8 34. Kf3 Nc6 35. Qc2 g5 36. Kf2 Ne7 37. Qxc8 Nxc8 38. Be2 g4 39. Bd3 Ne7 40.
Bb5 Ng6 41. Bd3 h5 42. Kg1 h4 43. Kf2 Ke7 44. Bb5 h3 45. Bd3 Nf8 46. Bb5 Nh7
47. Bd3 Ng5 48. Be2 Ne4+ 49. Ke1 Nxg3 50. Kf2 Ne4+ 51. Kg1 Kf7 52. Bd1 Kg6 53.
Bc2 Kh5 54. Bd1 Kh4 55. Kf1 g3 56. Kg1 g2 57. Bf3 Nd2 58. Bd1 Nf1 59. e4 fxe4
60. Be2 Ng3 61. Bd1 Nf5 62. Be2 Nxd4 63. Bb5 Nxb3 64. Bd7 Nc5 65. Bb5 d4 0-1

[Event "DVM U16 2003"]
[Site "Greifswald GER"]
[Date "2003.12.28"]
[Round "3"]
[White "Ozga, Christian"]
[Black "Hollatz, Michael"]
[Result "0-1"]
[Termination "normal"]
[Board "10.3"]
[WhiteElo "1253"]
[BlackElo "1339"]
[WhiteTeam "SK Gau-Algesheim"]
[BlackTeam "Schachverein Gryps"]
[PlyCount "94"]
[BlackFideId "4622820"]
[EventCountry "GER"]
[EventRounds "7"]
[EventType "team-swiss"]
[EventDate "2003.12.26"]

1. e4 e5 2. Nf3 d6 3. Nc3 Nf6 4. Be2 Be6 5. d3 c6 6. Bg5 Be7 7. Qd2 Nbd7 8. h3
Nc5 9. b4 Na6 10. a3 Qc7 11. Bxf6 Bxf6 12. Ng5 O-O 13. Nxe6 fxe6 14. Bg4 Rae8
15. O-O d5 16. exd5 exd5 17. Rae1 Nb8 18. Na4 b6 19. c4 Nd7 20. c5 b5 21. Nc3
Re7 22. Re2 a5 23. d4 e4 24. Ra1 Ra8 25. Ree1 h6 26. Ne2 Bg5 27. Qc2 Nf6 28.
Bf5 Kf7 29. Ng3 axb4 30. axb4 Rxa1 31. Rxa1 g6 32. Bg4 Nxg4 33. hxg4 e3 34. Rf1
Kg7 35. Kh1 exf2 36. Qxf2 Rf7 37. Qxf7+ Qxf7 38. Rxf7+ Kxf7 39. Ne2 Bd2 40. g3
Bxb4 41. Kg2 Bd2 42. Kf3 b4 43. Nf4 Bxf4 44. gxf4 b3 45. f5 gxf5 46. gxf5 b2
47. Kf4 Kf6 0-1

[Event "DVM U16 2003"]
[Site "Greifswald GER"]
[Date "2003.12.28"]
[Round "3"]
[White "Zimmermann, Gordon"]
[Black "Grieb, Tobias"]
[Result "0-1"]
[Termination "normal"]
[Board "10.4"]
[WhiteElo "1336"]
[BlackElo "973"]
[WhiteTeam "Schachverein Gryps"]
[BlackTeam "SK Gau-Algesheim"]
[PlyCount "84"]
[WhiteFideId "24624330"]
[BlackFideId "1270616"]
[EventCountry "GER"]
[EventRounds "7"]
[EventType "team-swiss"]
[EventDate "2003.12.26"]

1. e4 e6 2. d4 d5 3. e5 c5 4. c3 Nc6 5. Nf3 Qb6 6. a3 Nge7 7. b4 c4 8. Be2 Ng6
9. h4 Bd7 10. Be3 a5 11. Nbd2 Nge7 12. Nf1 Nf5 13. Bf4 Qa6 14. Rc1 Be7 15. Qd2
axb4 16. axb4 Qa3 17. g4 Nh6 18. Bxh6 gxh6 19. N1h2 Nxb4 20. Qxh6 Nd3+ 21. Bxd3
cxd3 22. Qd2 Bb5 23. O-O Qa2 24. Ra1 Qxa1 25. Rxa1 Rxa1+ 26. Kg2 Bc4 27. g5 Ra2
28. Qd1 Rc2 29. Qb1 b5 30. Qa1 O-O 31. Ne1 Ra2 32. Qd1 d2 33. Nef3 b4 34. cxb4
Bxb4 35. Ng4 Rc8 36. Nf6+ Kg7 37. Qb1 Bf1+ 38. Kg3 Rcc2 39. Nh5+ Kg6 40. Nf4+
Kf5 41. Qxf1 Ra3 42. Qd1 Rc1 0-1